[Event "8th Asian Continental Women"]
[Site "Subic Bay PHI"]
[Date "2009.05.21"]
[Round "9"]
[White "Zhu Chen"]
[Black "Sachdev,T"]
[Result "1/2-1/2"]
[WhiteElo "2491"]
[BlackElo "2423"]

1.d4 Nf6 2.c4 e6 3.Nc3 Bb4 4.Qc2 d5 5.a3 Bxc3+ 6.Qxc3 dxc4 7.Qxc4 b6 8.Bf4 Nd5
9.Bg3 O-O 10.Nf3 f5 11.Qc2 Ba6 12.e4 Bxf1 13.Kxf1 fxe4 14.Qxe4 Re8 15.Kg1 Nd7
16.h3 c5 17.dxc5 Nxc5 18.Qe2 Qf6 19.Kh2 Nb3 20.Rad1 Rac8 21.Rhe1 Nc5 22.Rd4 Qf7
23.Qd1 Nd7 24.Rd2 Rc5 25.b4 Rcc8 26.Nd4 Qf6 27.Nxe6 Rxe6 28.Rxd5 Rxe1 29.Qxe1 Nf8
30.Qd1 Re8 31.Rd3 h6 32.Rf3 Qe6 33.Qa4 Re7 34.b5 Qd5 35.Rc3 Qb7 36.Qc4+ Kh7
37.Bd6 Rf7 38.f3 Qd7 39.Rd3 Qe6 40.Qe4+ Kg8 41.Bxf8 Qxe4 42.fxe4 Rxf8 43.Rd7 Rf4
44.Rxa7 Rxe4 45.Ra6 Re6 46.Kg3 Kf7 47.a4 Kf6 48.a5 bxa5 49.Rxa5 Re5 50.Ra6+ Kf5
51.Rb6 Re3+ 52.Kf2 Rb3 53.Rb7 Rb2+ 54.Kg3 Rb3+ 55.Kh2 h5 56.Kg1 Rb2 57.b6 g6
58.Rb8 Kf6 59.Kh2 h4 60.b7 Kf7 61.Kg1 Rb1+ 62.Kf2 Rb2+ 63.Ke3 Rb3+ 64.Ke4 Rb2
65.Kd3  1/2-1/2

[Event "8th Asian Continental Women"]
[Site "Subic Bay PHI"]
[Date "2009.05.23"]
[Round "11"]
[White "Zhu Chen"]
[Black "Zhang Jilin"]
[Result "1/2-1/2"]
[WhiteElo "2491"]
[BlackElo "2335"]

1.e4 c5 2.Nf3 d6 3.d4 cxd4 4.Nxd4 Nf6 5.Nc3 a6 6.h3 e5 7.Nde2 b5 8.g4 Bb7
9.Bg2 Be7 10.Ng3 O-O 11.O-O Nbd7 12.Nf5 Nc5 13.Bg5 b4 14.Bxf6 Bxf6 15.Nd5 Bg5
16.a3 bxa3 17.b4 Ne6 18.Nxd6 Bxd5 19.Qxd5 Nf4 20.Qxe5 Ne2+ 21.Kh1 Bf4 22.Qd5 Qxd6
23.Qc4 Nd4 24.Rfd1 Rac8 25.Qxd4 Qxd4 26.Rxd4 Be5 27.Rdd1 Bxa1 28.Rxa1 Rc3
29.e5 Rd8 30.Kg1 Rd4 31.Kf1 g5 32.Ke1 Rdc4 33.Bf1 Rxb4 34.Kd2 Rf3 35.Bd3 Ra4
36.Ra2 Rxh3 37.c4 Ra5 38.Kc3 Rxe5 39.Rxa3 Re8 40.Kc2 Rd8 41.f3 Kg7 42.Bf5 Re8
43.Rc3 Rh2+ 44.Kb3 Rb8+ 45.Ka3 Rh1 46.Ka2 Re1 47.Be4 Re8 48.c5 R1xe4 49.fxe4 Rxe4
50.c6 Re8 51.Kb3 h5 52.gxh5 Kh6 53.Rf3 Re7 54.Kc4 Kxh5 55.Kd5 g4 56.Rf1 g3
57.Kd6 Re2 58.Rxf7 Rd2+ 59.Ke6 Rc2 60.Kd7 Kh4 61.c7 g2 62.Rg7 Kh3 63.c8=Q Rxc8
64.Kxc8 a5 65.Rh7+ Kg3 66.Rg7+ Kf2 67.Rf7+  1/2-1/2

[Event "MTO"]
[Site "Biel SUI"]
[Date "2009.07.22"]
[Round "3"]
[White "Golod,V"]
[Black "Zhu Chen"]
[Result "1/2-1/2"]
[WhiteElo "2599"]
[BlackElo "2473"]

1.d4 d5 2.c4 e6 3.Nf3 Nf6 4.Nc3 c6 5.e3 Nbd7 6.Qc2 Bd6 7.Bd3 O-O 8.O-O dxc4
9.Bxc4 a6 10.a4 c5 11.Rd1 Qc7 12.Ba2 cxd4 13.exd4 b5 14.axb5 axb5 15.Qd3 b4
16.Nb5 Qb8 17.Bg5 Bb7 18.Nxd6 Qxd6 19.Bh4 Be4 20.Qe2 Qb6 21.Ne5 Bxg2 22.Nxd7 Nxd7
23.Kxg2 b3 24.Bb1 Rxa1 25.Bxh7+ Kxh7 26.Qd3+ Kg8 27.Rxa1 Qc6+ 28.Qf3 Qxf3+
29.Kxf3 Nb6 30.Bg5 Nc4 31.Ra4 Nxb2 32.Rb4 Rc8 33.Rxb3 Nc4 34.Bf4 Rc6 35.d5 exd5
36.Rb5 Nb6 37.Be3 Rf6+ 38.Kg2 Rg6+ 39.Kf3 Rf6+  1/2-1/2

[Event "MTO"]
[Site "Biel SUI"]
[Date "2009.07.24"]
[Round "5"]
[White "Godena,M"]
[Black "Zhu Chen"]
[Result "1/2-1/2"]
[WhiteElo "2540"]
[BlackElo "2473"]

1.e4 d6 2.d4 Nf6 3.Bd3 e5 4.Nf3 exd4 5.Nxd4 g6 6.c3 Bg7 7.O-O O-O 8.Bg5 Re8
9.Nd2 b6 10.f4 Bb7 11.Qf3 Qc8 12.f5 Nbd7 13.fxg6 hxg6 14.Qf4 Re5 15.N4f3 Re6
16.Bc4 d5 17.exd5 Bxd5 18.Bxf6 Rxf6 19.Qh4 Bxc4 20.Qxc4 Rf5 21.Rae1 b5 22.Qc6 Rc5
23.Qe4 Nf6 24.Qe7 Qf8 25.Nb3 Qxe7 26.Rxe7 Bf8 27.Ree1 Rd5 28.Ne5 Kg7 29.Nc6 a6
30.Rf3  1/2-1/2

[Event "MTO"]
[Site "Biel SUI"]
[Date "2009.07.25"]
[Round "6"]
[White "Zhu Chen"]
[Black "Rodshtein,M"]
[Result "1/2-1/2"]
[WhiteElo "2473"]
[BlackElo "2623"]

1.d4 Nf6 2.c4 g6 3.Nc3 d5 4.Bg5 Ne4 5.Bh4 Nxc3 6.bxc3 dxc4 7.e3 Be6 8.Nf3 Bg7
9.Be2 Nd7 10.Ng5 Bd5 11.e4 h6 12.exd5 hxg5 13.Bxg5 Nb6 14.Bf3 Qd6 15.Qe2 O-O-O
16.Bxe7 Qd7 17.Bxd8 Re8 18.Bg5 Rxe2+ 19.Kxe2 Qf5 20.Bd2 Na4 21.Rhc1 Bf8 22.a3 b5
23.h3 Kb8 24.Ra2 Bd6 25.Kf1 Bf4 26.Bxf4 Qxf4 27.Rac2 a6 28.Re1 Qd6 29.Rce2 Ka7
30.g3 Qd7 31.Kg2 Qf5 32.Rc1 Kb6 33.h4 Ka5 34.Rec2 Qd3 35.Kg1  1/2-1/2

[Event "MTO"]
[Site "Biel SUI"]
[Date "2009.07.28"]
[Round "8"]
[White "Riazantsev,A"]
[Black "Zhu Chen"]
[Result "1-0"]
[WhiteElo "2647"]
[BlackElo "2473"]

1.d4 d5 2.c4 e6 3.Nf3 Nf6 4.Nc3 dxc4 5.e4 Bb4 6.Bg5 c5 7.e5 cxd4 8.Qa4+ Nc6
9.O-O-O Bd7 10.Ne4 Be7 11.exf6 gxf6 12.Bh4 Rc8 13.Kb1 Na5 14.Qc2 e5 15.Nxd4 exd4
16.Rxd4 Qb6 17.Rd2 Bf5 18.Nd6+ Qxd6 19.Qxf5 Rc5 20.Rxd6 Rxf5 21.Rd1 Rf4 22.Bg3 Re4
23.Bc7 b6 24.g3 O-O 25.Bg2 Re2 26.Rhf1 Bc5 27.Bf3 Ree8 28.Rd7 Kg7 29.Rfd1 Re7
30.Rxe7 Bxe7 31.Rd7 Re8 32.Bf4 Bc5 33.Bd2 Bxf2 34.Bd5 Re2 35.Rxf7+ Kg6 36.Bc3 f5
37.Rf6+ Kg7 38.Bf3 Re1+ 39.Bxe1 Bxe1 40.Re6  1-0

[Event "FIDE GP w"]
[Site "Nanjing CHN"]
[Date "2009.09.29"]
[Round "2"]
[White "Zhu Chen"]
[Black "Munguntuul,B"]
[Result "1-0"]
[WhiteElo "2488"]
[BlackElo "2418"]

1.d4 d5 2.c4 c6 3.Nc3 Nf6 4.e3 e6 5.Nf3 Nbd7 6.Qc2 Bd6 7.Bd3 O-O 8.O-O dxc4
9.Bxc4 e5 10.h3 exd4 11.exd4 Nb6 12.Bb3 Nfd5 13.Re1 h6 14.Ne5 Be6 15.Ne4 Nb4
16.Qc3 Bxb3 17.Qxb3 Bxe5 18.dxe5 Nd3 19.Bxh6 Qd5 20.Qc3 Na4 21.Qd2 f5 22.Bxg7 fxe4
23.Qh6 Rxf2 24.e6 Rxg2+ 25.Kxg2 Nf4+ 26.Qxf4 Kxg7 27.Qxe4 Re8 28.Qxd5 cxd5
29.Rad1 Nxb2 30.Rxd5 Kf6 31.Rd2 Nc4 32.Rf2+ Kg6 33.e7 Kg7 34.Re6 Nb6 35.Re4 Nd5
36.Re5 Nxe7 37.Rf3  1-0

[Event "FIDE GP w"]
[Site "Nanjing CHN"]
[Date "2009.09.30"]
[Round "3"]
[White "Dzagnidze,N"]
[Black "Zhu Chen"]
[Result "1-0"]
[WhiteElo "2535"]
[BlackElo "2488"]

1.d4 d5 2.c4 e6 3.Nc3 c6 4.e3 Nf6 5.Nf3 Nbd7 6.Bd3 dxc4 7.Bxc4 b5 8.Bd3 a6
9.e4 c5 10.e5 cxd4 11.Nxb5 axb5 12.exf6 gxf6 13.Nxd4 Bb7 14.Bxb5 Rg8 15.Be3 Qa5+
16.Ke2 Rxg2 17.a4 Bd5 18.Rc1 Rg4 19.h3 Rg6 20.Nc6 Qc7 21.Ne7 Qe5 22.Nxd5 exd5
23.Qd4 Bd6 24.Rhe1 Kd8 25.Kf1 Qh5 26.Qb6+ Ke7 27.Bc5+ Kf8 28.Qxd6+ Kg7 29.Bxd7 Qf3
30.Rc3 Qg2+ 31.Ke2 Qe4+ 32.Kd2 Qh4 33.Re8  1-0

[Event "FIDE GP w"]
[Site "Nanjing CHN"]
[Date "2009.10.01"]
[Round "4"]
[White "Zhu Chen"]
[Black "Ju Wenjun"]
[Result "1/2-1/2"]
[WhiteElo "2488"]
[BlackElo "2443"]

1.d4 Nf6 2.c4 g6 3.Nc3 Bg7 4.e4 d6 5.Bd3 O-O 6.Nge2 c5 7.d5 e6 8.h3 exd5
9.exd5 Nbd7 10.f4 Ne8 11.O-O f5 12.Be3 Nc7 13.Qd2 Nf6 14.Bf2 Bd7 15.a3 a5
16.Bh4 Qe8 17.Rae1 Qf7 18.Kh1 Rfe8 19.Qd1 Rab8 20.a4 Na6 21.Ng1 Rxe1 22.Rxe1 Re8
23.Nf3 h6 24.Ng1 Nb4 25.Bb1 Nh5 26.Nge2 Bf6 27.Bf2 Bg7 28.Bh4 Bf6 29.Bf2 Bg7  1/2-1/2

[Event "FIDE GP w"]
[Site "Nanjing CHN"]
[Date "2009.10.02"]
[Round "5"]
[White "Yildiz,B"]
[Black "Zhu Chen"]
[Result "0-1"]
[WhiteElo "2224"]
[BlackElo "2488"]

1.e4 d6 2.d4 Nf6 3.f3 Nbd7 4.c4 e5 5.Be3 Be7 6.Bd3 Nh5 7.Ne2 Bg5 8.Qd2 Bxe3
9.Qxe3 exd4 10.Qxd4 Ne5 11.O-O Be6 12.c5 O-O 13.cxd6 cxd6 14.Rd1 Qg5 15.Kh1 Nc6
16.Qf2 Qc5 17.Qh4 g6 18.Nbc3 Rad8 19.Rac1 Qe3 20.Bb1 Bc4 21.Re1 Bxe2 22.Nxe2 Qb6
23.Nc3 Qxb2 24.Rc2 Qa3 25.Nd5 Nb4 26.Rc3 Qa5 27.Ne7+ Kh8 28.a3 Nc6 29.Nd5 f5
30.g4 Ng7 31.gxf5 gxf5 32.Rg1 Rf7 33.Nf6 Ne6 34.Rcc1 Qxa3 35.Rcf1 Rdf8 36.exf5 Ned4
37.Nd5 Nxf5 38.Bxf5 Rxf5 39.Qg4 Qb2 40.Rg2 Qd4 41.f4 Rxd5 42.Rfg1 Ne7 43.Qe6 Ng6
44.Rxg6 hxg6 45.Qxg6 Qf6 46.Qg4 Qh6  0-1

[Event "FIDE GP w"]
[Site "Nanjing CHN"]
[Date "2009.10.05"]
[Round "7"]
[White "Zhu Chen"]
[Black "Kovanova,B"]
[Result "1-0"]
[WhiteElo "2488"]
[BlackElo "2408"]

1.d4 Nf6 2.c4 e6 3.Nc3 Bb4 4.Qc2 O-O 5.a3 Bxc3+ 6.Qxc3 d6 7.f3 Nh5 8.Nh3 f5
9.Nf2 Nc6 10.b3 e5 11.d5 Ne7 12.e3 Kh8 13.Bb2 f4 14.e4 b6 15.b4 a5 16.c5 Ng6
17.Rc1 axb4 18.axb4 bxc5 19.bxc5 Bd7 20.Ba3 Qg5 21.Rg1 Nh4 22.c6 Bc8 23.Rb1 h6
24.Bc1 Qe7 25.Ra1 Rb8 26.Ra7 Rb6 27.Kd1 Ng6 28.Bd2 Kh7 29.Kc2 Nf6 30.Bc4 Ne8
31.Be1 Rb8 32.Nd1 Qg5 33.Bf2 h5 34.Ra1 Ne7 35.Qa5 Qf6 36.Ra4 g5 37.Qa7  1-0

[Event "FIDE GP w"]
[Site "Nanjing CHN"]
[Date "2009.10.08"]
[Round "10"]
[White "Shen Yang"]
[Black "Zhu Chen"]
[Result "1-0"]
[WhiteElo "2453"]
[BlackElo "2488"]

1.d4 d5 2.c4 e6 3.Nf3 Nf6 4.Bg5 Bb4+ 5.Nc3 dxc4 6.e4 c5 7.e5 cxd4 8.Qa4+ Nc6
9.O-O-O Bd7 10.Ne4 Be7 11.exf6 gxf6 12.Bh4 Rc8 13.Kb1 Na5 14.Qc2 e5 15.Nxd4 exd4
16.Rxd4 Qb6 17.Rd5 Be6 18.Rh5 Bg4 19.Qa4+ Nc6 20.Rb5 Qa6 21.Qxa6 bxa6 22.Rb7 Bf5
23.f3 Bc5 24.Bxf6 Rf8 25.Bxc4 Na5 26.Bxa6 Nxb7 27.Bb5+ Bd7 28.Nd6+  1-0

[Event "FIDE GP w"]
[Site "Nanjing CHN"]
[Date "2009.10.09"]
[Round "11"]
[White "Zhu Chen"]
[Black "Mkrtchian,L"]
[Result "1/2-1/2"]
[WhiteElo "2488"]
[BlackElo "2468"]

1.d4 Nf6 2.c4 e6 3.Nc3 Bb4 4.Qc2 O-O 5.a3 Bxc3+ 6.Qxc3 b6 7.Bg5 c5 8.dxc5 bxc5
9.Bxf6 Qxf6 10.Qxf6 gxf6 11.O-O-O Nc6 12.e3 Rd8 13.Nf3 Kf8 14.Be2 Ke7 15.Nd2 Rb8
16.Rhe1 d6 17.Kc2 a5 18.Kb1 Ba6 19.Rc1 Rb6 20.Ka2 Rdb8 21.Rc2 Bc8 22.g4 Bd7
23.Ne4 Ne5 24.Nc3 Bc6 25.f4 Nf3 26.Bxf3 Bxf3 27.Rg1 Bb7 28.Na4 Ra6 29.Rd2 Rg8
30.Rg3 Raa8 31.b3 Rg6 32.Rd1 h5 33.gxh5 Rh6 34.Rh3 Rah8 35.Rd2 Rxh5 36.Rxh5 Rxh5
37.b4 axb4 38.axb4 cxb4 39.Kb3 Rh3 40.Re2 Bf3 41.Re1 Rxh2 42.Kxb4 Kd7 43.Rf1 Be4
44.Nc3 f5 45.Rd1 Rb2+ 46.Ka3 Rb8 47.Nb5 d5 48.Rd2 Ke7 49.Kb4 dxc4 50.Kxc4 Bd5+
51.Kc5 Rc8+ 52.Kd4 Be4 53.Ra2 Rd8+ 54.Kc5 Rd5+ 55.Kb4 Rd1 56.Kc5 Rc1+ 57.Kd4 Rd1+
58.Kc5 Kf6 59.Ra7 Kg6 60.Na3 f6 61.Nc4 Rc1 62.Kd4 Rd1+ 63.Kc5 Bd5 64.Nb6 Rd3
65.Nxd5 exd5 66.Re7 Kh5 67.Rg7 Rxe3 68.Kxd5 Re4 69.Rg8 Rxf4 70.Ke6 Rg4 71.Rh8+ Kg5
72.Rg8+ Kf4 73.Ra8 Kg5 74.Rg8+ Kf4 75.Ra8 Kg5 76.Rg8+ Kh4 77.Rh8+ Kg3 78.Kxf5 Rf4+
79.Ke6 f5 80.Ke5 Rf3 81.Rg8+ Kf2 82.Rf8 Re3+ 83.Kf4 Rf3+ 84.Ke5 Re3+ 85.Kf4 Rf3+  1/2-1/2

[Event "3rd Asian Indoor Team Rapid Prelim"]
[Site "Ha Long City VIE"]
[Date "2009.11.05"]
[Round "6"]
[White "Zhu Chen"]
[Black "Hoang Thi Bao Tram"]
[Result "1/2-1/2"]
[WhiteElo "2463"]
[BlackElo "2286"]

1.d4 d5 2.c4 c6 3.Nc3 Nf6 4.e3 g6 5.Nf3 Bg7 6.Bd3 O-O 7.O-O Bg4 8.h3 Bxf3
9.Qxf3 e6 10.Qe2 Nbd7 11.Rd1 Qe7 12.Bd2 dxc4 13.Bxc4 e5 14.dxe5 Nxe5 15.Bb3 Ned7
16.Bc2 Rfe8 17.e4 Nc5 18.Re1 Rad8 19.Rad1 Ne6 20.Be3 Qb4 21.Bb1 Nh5 22.a3 Qa5
23.Qc4 Nhf4 24.Ne2 Rxd1 25.Rxd1 Qh5 26.Rd2 Nxe2+ 27.Qxe2 Qxe2 28.Rxe2 Rd8
29.Ba2 Rd1+ 30.Kh2 Be5+ 31.g3 Nd4 32.Bxd4 Bxd4 33.e5 Kg7 34.Kg2 Ra1 35.b4 c5
36.bxc5 Bxc5 37.a4 a5 38.f4 Rg1+ 39.Kf3 Rh1 40.Rd2 Rf1+ 41.Ke4 Rf2 42.Rxf2 Bxf2
43.g4 Kf8 44.f5 gxf5+ 45.gxf5 h6 46.f6 b6 47.Bc4 Bc5 48.Kf5 Bb4 49.Bd5 Bc5
50.Bb3 Bb4 51.Ba2 Bc5 52.Bd5 Bb4 53.Kg4 Bc3 54.Kf4 Bd2+ 55.Kf5 Bc3 56.Bc4 Bb2
57.e6 fxe6+  1/2-1/2

[Event "3rd Asian Indoor Team Rapid Prelim"]
[Site "Ha Long City VIE"]
[Date "2009.11.06"]
[Round "8"]
[White "Zhu Chen"]
[Black "Otgonjargal,S"]
[Result "1-0"]
[WhiteElo "2463"]
[BlackElo "2140"]

1.d4 d5 2.c4 e6 3.Nc3 f5 4.cxd5 exd5 5.g3 c6 6.Bg2 Nf6 7.Bg5 Bd6 8.Qc2 O-O
9.e3 Qe8 10.Bxf6 Rxf6 11.Nge2 Nd7 12.h3 Rf8 13.O-O-O Nf6 14.Rdf1 b5 15.Nf4 b4
16.Na4 Ne4 17.Nd3 Ba6 18.Kb1 Bb5 19.Rd1 Rb8 20.Ka1 Qc8 21.Nac5 a5 22.g4 Bc4
23.gxf5 Nxc5 24.Nxc5 Bxc5 25.dxc5 b3 26.Qd2 Qxf5 27.f4 a4 28.a3 Rfe8 29.Qd4 Bb5
30.Rhg1 Re7 31.e4 Qxf4 32.exd5 Qxd4 33.Rxd4 Rbe8 34.dxc6 g6 35.Rdd1 Rc8 36.Rd6 Rce8
37.Rc1 Re1 38.Rdd1 R1e5 39.c7 R5e7 40.Bf1 Bxf1 41.Rxf1 Rxc7 42.Rfd1 Re5 43.c6 Re6
44.Rd8+ Kf7 45.Rd4 Rexc6 46.Rf1+ Kg7 47.Rb1 Rc4 48.Rd6 h5 49.Ra6 g5 50.Ra5 Kg6
51.Ra6+ R7c6 52.Ra8 g4 53.hxg4 hxg4 54.Rg8+ Kf5 55.Rf1+ Ke5 56.Re1+ Kd6 57.Rg6+ Kc7
58.Rg7+ Kb6 59.Rb1 Kb5 60.Rg5+ Kb6 61.Rg7 Rd6 62.Rf1 Rcd4 63.Rc1 Rf4 64.Kb1 Rdf6
65.Rg5 Rd4 66.Rg8 Rdf4 67.Rb8+ Ka7 68.Rg8 Kb7 69.Rg5 Kb6 70.Rg7 Ka6 71.Re1 Rf1
72.Rc1 Rxc1+ 73.Kxc1 Rf1+ 74.Kd2 Rg1 75.Kc3 g3 76.Kb4 g2 77.Kxa4 Kb6 78.Rg5 Kc6
79.Kxb3 Kb6 80.Kb4 Kc6 81.a4 Kd6 82.Kb5 Kc7 83.a5 Kb7 84.Rg7+ Kc8 85.Kb6 Kd8
86.a6  1-0

[Event "FIDE GP w"]
[Site "Nalchik RUS"]
[Date "2010.04.26"]
[Round "1"]
[White "Dzagnidze,N"]
[Black "Zhu Chen"]
[Result "1/2-1/2"]
[WhiteElo "2479"]
[BlackElo "2476"]

1.d4 d5 2.c4 c6 3.Nf3 Nf6 4.Nc3 e6 5.Bg5 h6 6.Bh4 dxc4 7.e4 g5 8.Bg3 b5 9.Be2 Bb7
10.O-O Nbd7 11.Ne5 Bg7 12.Nxd7 Nxd7 13.Bd6 a6 14.a4 e5 15.d5 c5 16.b4 Qb6
17.bxc5 Nxc5 18.Bxc5 Qxc5 19.axb5 axb5 20.Rxa8+ Bxa8 21.Qa1 O-O 22.Qa5 Rb8
23.Rb1 Bf8 24.Rxb5 Rxb5 25.Qxb5 Qxb5 26.Nxb5 Bb7 27.Bxc4 Ba6 28.Kf1 Bxb5
29.Bxb5 Bc5 30.Ke2 Kf8 31.Kf3 h5 32.g3 Ke7 33.h3 h4 34.Ba6 Kd6 35.Bc8 Bb6
36.Ba6 Bc5 37.Bc8 Bb6 38.Ba6 Bc5  1/2-1/2

[Event "FIDE GP w"]
[Site "Nalchik RUS"]
[Date "2010.04.30"]
[Round "5"]
[White "Koneru,H"]
[Black "Zhu Chen"]
[Result "0-1"]
[WhiteElo "2622"]
[BlackElo "2476"]

1.d4 d5 2.c4 e6 3.Nf3 Nf6 4.g3 a6 5.Bg2 dxc4 6.O-O Nc6 7.e3 Bd7 8.Qe2 b5
9.Rd1 Rb8 10.e4 Be7 11.d5 exd5 12.e5 Ne4 13.Rxd5 Nc5 14.Be3 Nd3 15.Bh3 Bxh3
16.Rxd8+ Rxd8 17.Ng5 Bxg5 18.Bxg5 Rd5 19.Qe4 Ndb4 20.Nd2 Rxe5 21.Qh4 Be6
22.Nf3 Rd5 23.Bd2 Nc2 24.Rd1 N6d4 25.Qe4 f5  0-1

[Event "FIDE GP w"]
[Site "Nalchik RUS"]
[Date "2010.05.04"]
[Round "8"]
[White "Zhu Chen"]
[Black "Danielian,E"]
[Result "1/2-1/2"]
[WhiteElo "2476"]
[BlackElo "2491"]

1.d4 d5 2.c4 dxc4 3.e4 Nf6 4.e5 Nd5 5.Bxc4 Nb6 6.Bd3 Nc6 7.Ne2 Bg4 8.f3 Be6
9.Nbc3 Qd7 10.Ne4 Bd5 11.Nc5 Qc8 12.Nf4 e6 13.Be3 Nb4 14.Be2 Bc6 15.Bf2 N4d5
16.Nfd3 Be7 17.Qc1 Nd7 18.Ne4 Nb4 19.Nf4 Nd5 20.Nh5 O-O 21.O-O f5 22.exf6 N7xf6
23.Nhxf6+ Nxf6 24.Nc5 Nd5 25.Re1 Bd6 26.Bc4 Kh8 27.Bg3 Re8 28.Qg5 Be7 29.Qg4 Nf6
30.Qh3 Bd5 31.Bd3 e5 32.Bf5 Qd8 33.Bxe5 h6 34.Ne4 Bxe4 35.Bxe4 Bd6 36.Rad1 Qe7
37.Bxb7 Rab8 38.Bc6 Red8 39.b3 Bxe5 40.Rxe5 Qb4 41.d5 Qc5+ 42.Kf1 Qc2 43.Rde1 Qxa2
44.Qg3 Qxb3 45.Re7 Qd3+ 46.Kg1 Qd4+ 47.Kh1 Nxd5 48.Bxd5 Rxd5 49.Qxc7 Rbd8
50.Qxa7 Qxa7 51.Rxa7 Rd1 52.Ra1 R1d2 53.h3 R8d5 54.Kh2 Rg5 55.Rg1 Kh7 56.Ra6 Rf5
57.Ra3 Rb2 58.Re3 Ra2 59.h4 Rf4 60.Kg3 Raa4 61.Rh1 Rfc4 62.Re5 Rc2 63.h5 Raa2
64.Rg1 Rcb2 65.Kh3 Rf2 66.Rf5 Rfb2 67.g4 Ra3 68.Kg3 Rab3 69.Re1 Rb5 70.Rf4 R5b4
71.Ree4 R4b3 72.Rf8 Rb8 73.Ref4 R2b4 74.R4f7 R4b7 75.Rxb7 Rxb7 76.f4 Rb3+
77.Kh4 Rb4 78.Kg3 Rb3+ 79.Kf2 Rb2+ 80.Kf3 Rb3+ 81.Ke4 Rb4+ 82.Ke5 Rb5+ 83.Kd6 Ra5
84.Re8 Ra6+ 85.Ke5 Ra5+ 86.Ke6 Ra6+ 87.Kf5 Ra5+ 88.Re5 Ra4 89.Rb5 Rc4 90.g5 hxg5
91.fxg5 Rc8 92.Ke6 Ra8 93.Re5 Ra6+ 94.Kf7 Ra7+ 95.Kf8 Ra8+ 96.Ke7 Ra7+ 97.Kd6 Ra6+
98.Kd5 Ra5+ 99.Ke4 Ra8 100.Re7 Ra4+ 101.Kf5 Ra5+ 102.Re5 Ra8 103.Rd5 Rf8+
104.Kg4 Ra8 105.Rd4 Rf8 106.Rd7 Kg8 107.Ra7 Rb8 108.g6 Rb4+ 109.Kf5 Rb5+
110.Ke6 Rb6+ 111.Ke7 Rb8 112.Kd7 Rf8 113.Ra6 Rb8 114.Re6 Ra8 115.Re1 Rb8
116.Ra1 Rf8 117.Ra2 Rb8 118.Ra4 Rf8 119.Re4 Rb8 120.Re8+ Rxe8 121.Kxe8 Kh8
122.h6 Kg8 123.h7+  1/2-1/2

[Event "FIDE GP w"]
[Site "Nalchik RUS"]
[Date "2010.05.07"]
[Round "11"]
[White "Cramling,P"]
[Black "Zhu Chen"]
[Result "1-0"]
[WhiteElo "2523"]
[BlackElo "2476"]

1.d4 d5 2.Nf3 Nf6 3.c4 c6 4.Qc2 dxc4 5.Qxc4 Bf5 6.g3 Nbd7 7.Bg2 e6 8.O-O Be7
9.e3 O-O 10.Qe2 Qa5 11.Nbd2 Rfd8 12.Nh4 Bg4 13.f3 Bh5 14.g4 Qg5 15.Qf2 Nd5
16.Nb3 Nb4 17.Bd2 Bg6 18.Nxg6 Qxg6 19.e4 e5 20.Bc3 Nd3 21.Qe3 Nf4 22.dxe5 Bg5
23.Qf2 Qh6 24.Qc2 Ng6 25.Nd4 Bf4 26.h3 Nh4 27.Ne2 Be3+ 28.Kh1 Nxe5 29.Ng3 Nd3
30.Nh5 f6 31.Qe2 Bg5 32.Rad1 Nf4 33.Nxf4 Bxf4 34.Rxd8+ Rxd8 35.Rd1 Ra8 36.Rd7 b5
37.Qd1 Ng6 38.Bb4 Nf8 39.Rd8 Rxd8 40.Qxd8 g5 41.Qc8 Qg7 42.Bf1 Qf7 43.Qxc6 Qxa2
44.Qc8 Qf7 45.Bxb5  1-0

[Event "ch-Paris Int"]
[Site "Paris FRA"]
[Date "2010.07.03"]
[Round "1"]
[White "Larsen,Ka"]
[Black "Zhu Chen"]
[Result "1/2-1/2"]
[WhiteElo "2293"]
[BlackElo "2476"]

1.e4 d6 2.d4 Nf6 3.Bd3 e5 4.d5 g6 5.c4 Bg7 6.Nc3 a5 7.f3 Nh5 8.Be3 Nf4 9.Bf1 O-O
10.Qd2 Na6 11.g3 Nh5 12.g4 Nf4 13.Nge2 f5 14.gxf5 Nxe2 15.Bxe2 gxf5 16.O-O-O f4
17.Bf2 Kh8 18.Rdg1 Bd7 19.h4 Bf6 20.Bf1 Qc8 21.Rh2 Rg8 22.Rgg2 Qe8 23.h5 Rxg2
24.Bxg2 Qf7 25.Qe1 Rg8 26.Qh1 Qg7 27.Kd2 Bd8 28.Bf1 Qh6 29.Bh3 Bxh3 30.Rxh3 Qg7
31.Rh2 Qd7 32.Rg2 Rg7 33.Ke2 Kg8 34.Qg1 Kf8 35.Qh2 Rg5 36.Rxg5 Bxg5 37.Qg2 Bf6
38.a3 Kf7 39.Kf1 Qc8 40.Ke2 Qd7 41.Kf1 Kf8 42.Ke2 Bd8 43.Kf1 b6 44.Ke2 Nb8
45.Nb5 Qg7 46.Qh3 Qd7 47.Qg2 Qg7 48.Qh3  1/2-1/2

[Event "ch-Paris Int"]
[Site "Paris FRA"]
[Date "2010.07.04"]
[Round "2"]
[White "Zhu Chen"]
[Black "Strugnell,C"]
[Result "1-0"]
[WhiteElo "2476"]
[BlackElo "2236"]

1.d4 Nf6 2.c4 c5 3.d5 b5 4.Nf3 e6 5.dxe6 fxe6 6.cxb5 a6 7.bxa6 d5 8.e3 Bd6
9.Bb5+ Nbd7 10.O-O O-O 11.Nbd2 Bxa6 12.Bxa6 Rxa6 13.b3 e5 14.e4 d4 15.Qe2 Qa8
16.a4 Bc7 17.Ng5 Kh8 18.Qc4 h6 19.Ne6 Rc8 20.Nxc7 Rxc7 21.f3 Nb6 22.Qe6 Nfd7
23.Qe7 c4 24.a5 Rb7 25.Nxc4 Nxc4 26.bxc4 Rxa5 27.Rxa5 Qxa5 28.f4 d3 29.Be3 exf4
30.Bd4 Qg5 31.Qf7 d2 32.c5 Qg4 33.c6 Ne5 34.cxb7 Nxf7 35.b8=Q+ Kh7 36.Qb3 f3
37.Qxf3 Ng5 38.Qd3  1-0

[Event "ch-Paris Int"]
[Site "Paris FRA"]
[Date "2010.07.08"]
[Round "6"]
[White "Saatdjian,T"]
[Black "Zhu Chen"]
[Result "1/2-1/2"]
[WhiteElo "2369"]
[BlackElo "2476"]

1.d4 d5 2.c4 c6 3.Nf3 Nf6 4.Nc3 e6 5.Bg5 h6 6.Bxf6 Qxf6 7.e3 Nd7 8.Bd3 dxc4
9.Bxc4 g6 10.O-O Bg7 11.Qc2 O-O 12.Bb3 Qe7 13.Rad1 b6 14.e4 Bb7 15.Rfe1 Rfd8
16.e5 Rab8 17.Qe2 a6 18.Bc2 b5 19.Be4 Rdc8 20.Rc1 Ba8 21.a3 c5 22.Bxa8 Rxa8
23.d5 exd5 24.Nxd5 Qe6 25.Rcd1 Nf8 26.Qe4 Ra7 27.b4 Qc6 28.bxc5 Qxc5 29.a4 Rd7
30.e6 fxe6 31.Nf6+ Bxf6 32.Rxd7 Nxd7 33.Qxe6+ Kh8 34.Qxd7 bxa4 35.Qxa4 a5
36.h3 Rf8 37.Qe4 Kg7 38.Rb1 Rf7 39.Qa4 Bc3 40.Rb5 Qd6 41.Qb3 Bb4 42.Rd5 Qf6
43.Qa2 Rc7 44.Rd1 Kh7 45.Qa4 Qc6 46.Qb3 Qe8 47.Rd5 Qf7 48.Ne5 Rc1+ 49.Kh2 Qf4+
50.Qg3 Qxg3+ 51.Kxg3 Rc7 52.Nd3 Bc3 53.Nc5 Ra7 54.Na4 Be1 55.Re5 Bb4 56.Rd5 Kg7
57.f4 Re7 58.Kf3 Re1 59.Rd7+ Kf6 60.Ra7 Ra1 61.Ra6+ Kf7 62.Nb6 Ra3+ 63.Ke4 Rg3
64.Nc4 Rxg2 65.Nxa5 Bxa5 66.Rxa5 h5 67.f5 gxf5+ 68.Kxf5 Rg3 69.Ra7+ Kg8 70.h4 Rg4
71.Rb7  1/2-1/2

[Event "ch-Paris Int"]
[Site "Paris FRA"]
[Date "2010.07.10"]
[Round "8"]
[White "Zhu Chen"]
[Black "Solodovnichenko,Y"]
[Result "1/2-1/2"]
[WhiteElo "2476"]
[BlackElo "2558"]

1.d4 Nf6 2.c4 c5 3.d5 b5 4.Nf3 Bb7 5.Qc2 bxc4 6.e4 e6 7.Bxc4 exd5 8.exd5 Bxd5
9.Bxd5 Nxd5 10.O-O Be7 11.Re1 Na6 12.Bg5 Nac7 13.Qxc5 f6 14.Bd2 O-O 15.Qc4 Rf7
16.Ba5 Bf8 17.Nc3 Nb6 18.Bxb6 axb6 19.Rad1 b5 20.Nxb5 Nxb5 21.Qxb5 Rxa2 22.Qb3 Ra8
23.Re2 Qc8 24.h3 Rb8 25.Qa2 Ra8 26.Qb3 Rb8 27.Qa2 Ra8  1/2-1/2

[Event "ch-Paris Int"]
[Site "Paris FRA"]
[Date "2010.07.11"]
[Round "9"]
[White "David,Alb"]
[Black "Zhu Chen"]
[Result "1/2-1/2"]
[WhiteElo "2622"]
[BlackElo "2476"]

1.d4 d5 2.c4 e6 3.Nc3 c6 4.e3 Nf6 5.Nf3 Nbd7 6.Bd3 dxc4 7.Bxc4 b5 8.Bd3 a6
9.e4 c5 10.e5 cxd4 11.Nxb5 axb5 12.exf6 gxf6 13.O-O Qb6 14.Qe2 Rg8 15.Bf4 Bb7
16.Rfd1 b4 17.Bg3 Rd8 18.a4 h5 19.a5 Qa7 20.a6  1/2-1/2

[Event "5th FIDE GP w"]
[Site "Ulaanbaatar MGL"]
[Date "2010.07.30"]
[Round "1"]
[White "Zhu Chen"]
[Black "Stefanova,A"]
[Result "1/2-1/2"]
[WhiteElo "2476"]
[BlackElo "2560"]

1.d4 d5 2.c4 c6 3.Nc3 Nf6 4.e3 a6 5.Nf3 e6 6.c5 Nbd7 7.Bd3 e5 8.dxe5 Ng4
9.Na4 Ngxe5 10.Nxe5 Nxe5 11.O-O Qh4 12.b3 Be7 13.Bb2 Bf6 14.Bc2 Ng4 15.h3 Bxb2
16.Nxb2 Nf6 17.Qd4 Qh5 18.Qf4 O-O 19.Na4 Be6 20.Rad1 Nd7 21.Rd4 f5 22.Qc7 Rab8
23.Nb6 Nxb6 24.cxb6 Qf7 25.Qxf7+ Kxf7 26.b4 a5 27.bxa5 c5 28.Ra4 Ra8 29.a6 Rxa6
30.Rxa6 bxa6 31.Rb1 Rb8 32.a4 a5 33.Rb5 c4 34.Kf1 Ke7 35.Ke1 Kd6 36.Rxa5 Rxb6
37.Ra7 Bd7 38.Kd2 Rb2 39.Kc3 Ra2 40.h4 g6 41.a5 f4 42.a6 fxe3 43.fxe3 Bc6
44.Rxh7 Rxa6 45.Bxg6 Kc5 46.Bb1 Ra3+ 47.Kd2 d4 48.Rh5+ Kb4 49.exd4 c3+ 50.Kc1 Ra1
51.Re5 Ba4 52.Re2 c2 53.Rxc2 Bxc2 54.Kxc2 Kc4 55.g4 Kxd4 56.g5 Ke5 57.h5 Ra8
58.Kd2 Kf4 59.h6 Kxg5 60.h7  1/2-1/2

[Event "5th FIDE GP w"]
[Site "Ulaanbaatar MGL"]
[Date "2010.08.04"]
[Round "5"]
[White "Zhu Chen"]
[Black "Koneru,H"]
[Result "1/2-1/2"]
[WhiteElo "2476"]
[BlackElo "2600"]

1.d4 Nf6 2.c4 e6 3.Nc3 Bb4 4.Qc2 O-O 5.a3 Bxc3+ 6.Qxc3 d5 7.Nf3 dxc4 8.Qxc4 b6
9.Bf4 Ba6 10.Qa4 Qd7 11.Qc2 Rc8 12.Rd1 Qe8 13.e4 Bxf1 14.Kxf1 Qb5+ 15.Kg1 Nbd7
16.a4 Qh5 17.h3 Qg6 18.Re1 c5 19.Qd3 cxd4 20.Qxd4 Qh5 21.b4 h6 22.g4 Qg6
23.Nh4 Qh7 24.Bg3 Rc2 25.Ng2 Rac8 26.Ne3 e5 27.Bxe5 Rc1 28.Kg2 Rxe1 29.Rxe1 Nxe5
30.Qxe5 Re8 31.Qf5 Rxe4 32.Rc1 Qxf5 33.Nxf5 Rxb4 34.Rc8+ Kh7 35.Rc7 Kg8 36.Rc8+ Kh7
37.Rc7 Kg8  1/2-1/2

[Event "5th FIDE GP w"]
[Site "Ulaanbaatar MGL"]
[Date "2010.08.05"]
[Round "6"]
[White "Sebag,M"]
[Black "Zhu Chen"]
[Result "0-1"]
[WhiteElo "2519"]
[BlackElo "2476"]

1.e4 e5 2.Nf3 Nc6 3.Bb5 Nge7 4.Nc3 g6 5.d4 exd4 6.Nd5 Bg7 7.Bg5 h6 8.Bf6 Bxf6
9.Nxf6+ Kf8 10.O-O a6 11.Ba4 Kg7 12.Nd5 b5 13.Bb3 Nxd5 14.Bxd5 Bb7 15.Nxd4 Qf6
16.c3 Rab8 17.f4 Nxd4 18.Bxb7 Nc6 19.Bxc6 dxc6 20.Qf3 Rbd8 21.Rf2 Rhe8 22.Raf1 Rd7
23.Qh3 Red8 24.e5 Qe6 25.Qxe6 fxe6 26.g4 Rd5 27.h4 Rf8 28.Kg2 c5 29.Kg3 c4
30.Rf3 c5 31.R1f2 Rd3 32.a3 a5 33.Rf1 Rf7 34.Rf2 h5 35.gxh5 gxh5 36.Rxd3 cxd3
37.Kf3 Kh6 38.Rg2 Rg7 39.Rg5 c4 40.Ke3 a4 41.Kd2 Rxg5 42.fxg5+ Kg6 43.Ke3 Kf5  0-1

[Event "5th FIDE GP w"]
[Site "Ulaanbaatar MGL"]
[Date "2010.08.06"]
[Round "7"]
[White "Zhu Chen"]
[Black "Yildiz,B"]
[Result "0-1"]
[WhiteElo "2476"]
[BlackElo "2235"]

1.d4 d5 2.c4 dxc4 3.e4 e5 4.Nf3 exd4 5.Bxc4 Nc6 6.O-O Be6 7.Bb5 Bc5 8.b4 Bb6
9.a4 a6 10.Bxc6+ bxc6 11.a5 Ba7 12.Bb2 Rb8 13.Bxd4 Bxd4 14.Nxd4 Qd7 15.Nxe6 Qxe6
16.Qd4 Nf6 17.Nc3 O-O 18.Rfd1 Qe7 19.Rab1 h6 20.Qc4 Ng4 21.h3 Ne5 22.Qxa6 Rxb4
23.Qa7 Rxb1 24.Nxb1 Ng6 25.a6 Qxe4 26.Nc3 Qc4 27.Qb7 Qxc3 28.a7 Qa5 29.Qb8 Kh7
30.g3 f5 31.Rd7 f4 32.Qb2 Ne5 33.Re7 Qe1+ 34.Kg2 f3+ 35.Kh2 Qf1 36.Rxg7+ Kh8  0-1